000 01799cam a2200577 a 4500
001 22723
003 SK-KTurca
005 20260421153015.0
008 240314s2012 xo a a 000 0 slo
015 _aSNBA2012/06-03333
020 _a9788055128993
_q(viaz.)
035 _aC0017EAE-291E-4ED0-8243-973DA7AB10E6
035 _aurn:nbn:sk:snk-amjy1u
035 _aurn:nbn:sk:snk-am007xv0
040 _aSVKBB
_bslo
_cSVKBB
_dSNK
_eAACR2
041 1 _aslo
_hger
044 _axo
_cSK
072 7 _a56
_xPaleontológia
_2konspekt
080 _a568.19
_22001
080 _a(0.053.2)
_22001
080 _a(084.11)
_22001
080 _a(0.025.2)
_22001
100 1 _aHermann, Heike
_4aut
240 1 0 _aDinosaurier
_lSlovensky
245 1 0 _aDinosaury
_c[text Heike Hermann ; ilustrácie Stefan Lohr ; z nemeckého originálu preložila Silvia Smidová]
250 _a1. vyd.
260 _aBratislava
_bIkar
_c2012
300 _a[22] s.
_bfareb. ilustr.
_c28 cm
490 1 _aBystrá hlavička!
490 1 _aSpoznávaj
500 _aNázov z obalu
500 _aKartónové listy s otváracími okienkami
521 1 _aPre dievčatá a chlapcov od 4 rokov
650 0 7 _adinosaury
_2SNKPH
650 0 7 _aDinosaurs
_2SNKPHeng
655 7 _apublikácie pre deti
_2SNKPH
655 7 _aobrazové publikácie
_2SNKPH
655 7 _aleporelá
_2SNKPH
655 7 _aChildren's literature
_2SNKPHeng
655 7 _aPictorial works
_2SNKPHeng
655 7 _aPicture books for children
_2SNKPHeng
700 1 _aSmidová, Silvia,
_d1947-
_4trl
700 1 _aLohr, Stefan
_4ill
830 0 _aBystrá hlavička!
830 0 _aSpoznávaj
942 _2ddc
_cOLDE
_n0
980 _a087.5
980 _a568.19
980 _a(084.11)
999 _c22723
_d22723